000 01010cab a22002175a 4500
001 L148902
008 091123e20091017xxka f s 000 0 eng d
035 _a(Sirsi) u148902
041 0 _aeng
100 1 _aHighmore, Sue
245 0 0 _aOpening new doors
260 _c2009
490 _aEstates Gazette
_v(0941) 17 October 2009, 106-108(3)
520 _aExamines how the Equality Bill addresses discrimination on the ground of disability and its impact in the property industry. Highlights different situations where discrimination can occur. Discusses: disposing of premises; managing premises without discrimination; harassment of existing/prospective occupants; duty to make reasonable adjustments; duty to consider changes to common parts; and modification to consent regimes.
590 _aKA
650 2 4 _aEQUALITY BILL 2010
651 4 _aEngland and Wales
_y1543-
690 _aMANAGEMENT-BUSINESS MANAGEMENT-DISCRIMINATION-DISABILITY DISCRIMINATION
700 1 _aPemberton, Simon
942 _n0
999 _c82000
_d82000